Jupiler (Belgian) Pro League Champions - Statistics

General Stats
  • This quiz has been taken 23 times
  • The average score is 92 of 123
Answer Stats
Year Winner % Correct
1946-47 | 1948-49 | 1949-50 | +31 others RSC Anderlecht
100%
1972-73 | 1975-76 | 1976-77 | +15 others Club Brugge KV
95%
1919-20 FC Brugeois
95%
1930-31 | 1943-44 | 1956-57 | 2022-23 R. Antwerp FC
95%
1926-27 | 1929-30 RCS Brugeois
95%
1928-29 Royal Antwerp FC
95%
1998-99 | 2001-02 | 2010-11 | 2018-19 KRC Genk
86%
1957-58 | 1960-61 | 1962-63 | +3 others R. Standard CL
86%
1981-82 | 1982-83 | 2007-08 | 2008-09 Standard Luik
86%
1903-04 | 1904-05 | 1905-06 | +9 others Union Sint-Gillis
86%
2014-15 KAA Gent
81%
1988-89 KV Mechelen
62%
1942-43 | 1945-46 | 1947-48 RFC Malinois
62%
1910-11 Cercle Sportif Brugeois
52%
1974-75 RWD Molenbeek
43%
1921-22 | 1923-24 | 1924-25 Beerschot AC
38%
1925-26 | 1927-28 | 1937-38 | 1938-39 R. Beerschot AC
38%
1931-32 | 1940-41 | 1941-42 K. Liersche SK
33%
1959-60 | 1996-97 K. Lierse SK
33%
1983-84 KSK Beveren
33%
1978-79 SK Beveren
33%
1895-96 | 1897-98 | 1898-99 FC Liégeois
19%
1951-52 | 1952-53 RFC Liégeois
19%
1911-12 | 1913-14 Daring Club de Bruxelles
5%
1920-21 | 1935-36 | 1936-37 Daring Club de Bruxelles SR
5%
1896-97 | 1899-00 | 1900-01 | +3 others Racing Club de Bruxelles
5%
No matching quizzes found
Score Distribution
Percent of People with Each Score
Percentile by Number Answered
Your Score History
You have not taken this quiz